Postmodern Narrative Theory : Transitions /

Kaydedildi:
Detaylı Bibliyografya
Yazar: Currie, Mark (autor)
Materyal Türü: Kitap
Dil:İngilizce
Baskı/Yayın Bilgisi: Nueva York, EUA : Palgrave, 1998, c1998
Konular:
Etiketler: Etiketle
Etiket eklenmemiş, İlk siz ekleyin!

MARC

LEADER 00000nam^a2200000^a^4500
001 000154788
005 20250521000000.0
009 20260310100405.087
020 |a 0-333-68779-5 
037 |a Acervo ITESO - Biblioteca 
041 |a ING 
082 |a 149. 97  |b CUR 
100 |a Currie, Mark  |e (autor) 
245 1 0 |a Postmodern Narrative Theory :  |b Transitions /  |c M. Currie ; pref. de Julian Wolfreys. 
264 4 |a Nueva York, EUA :  |b Palgrave,  |c 1998, c1998 
300 |a X, 169 p. 
336 |a texto  |b txt  |2 rdacontenido 
337 |a sin mediación  |b n  |2 rdamedio 
338 |a volumen  |b nc  |2 rdasoporte 
649 |a XX 
650 |a Modernidad y Posmodernidad 
650 |a Análisis del Discurso 
650 |a Deconstrucción 
650 |a Estructuralismo 
650 |a Filosofía Analítica 
650 |a Filosofía del Lenguaje 
650 |a Ideología 
650 |a Identidad Cultural 
650 |a Diferencia y Otredad 
650 |a Diversidad Cultural 
650 |a Semántica 
650 |a Semiótica 
650 |a Marginación 
650 |a Espacio y Tiempo -  |x Filosofía 
650 |a Filosofía Política 
910 |a Fondo General 
920 |a Impresos - Libros 
930 |a Colección General 
905 |a 101 
901 |a 0500086526  |b IT1  |c ACC  |u 20250521 
902 |a https://opac.biblio.iteso.mx/vufind/Record/000154788